000 01229nam a2200169 4500
001 13928
005 20250904155722.0
090 _a13928
099 _o0
100 _a20250904d u||y0frey50 ba
200 _aGRRRL
_bLIVR
_dGRRRL
214 _d2023
323 _aindéfini
330 _aGRRRL est une fable moderne sur les contradictions intimes d’une société patriarcale qui prétend être féministe. Ce sont treize scènes autonomes qui se déploient avec humour pour dénoncer l'hypocrisie des discours qui s'immiscent dans toutes les strates de la vie. Les scènes ont lieu dans un comité de lecture, dans une réunion parent-prof, dans un rendez-vous médical, dans une chambre d’amoureux, dans les toilettes d’une entreprise… et à chaque fois, les situations dérapent. Le langage trahit et révèle ceux qui n’écoutent pas les personnages féminins. Que vont-elles faire ? Se taire ? À chaque situation, sa réponse. Mais les zones troubles sont exposées et les femmes pointent les injustices. Avec humour, et sans s’enfermer dans la position dans laquelle elles sont placées, elles expriment leur colère. GRRRL.
610 _aFéminisme
700 _aGarcía Pereda
_bSara
702 _aFullana Lavatelli
_bEmilia